| 000 | 00456cam a22001217a 4500 | ||
|---|---|---|---|
| 008 | 180718b1969 xxu||||| |||| 00| 0 eng d | ||
| 082 | _aG93203x54 In2b/1969 | ||
| 100 | _aIndia. Select Committee on the Penal Code Amendment Bill | ||
| 245 |
_aThe Report of the Select Committee on the Penal Code Amendment Bill, 1967 _cby Lok Sabha Secretariat |
||
| 260 |
_aNew Delhi _bLok Sabha Secretariat _c1969 |
||
| 300 | _a41+p. | ||
| 700 | _aIndia. Lok Sabha Secretariat | ||
| 999 |
_c491341 _d491341 |
||